| 000 | 00709nam a2200205 i 4500 | ||
|---|---|---|---|
| 001 | 94715 | ||
| 003 | ES-MaACL | ||
| 005 | 20250804062602.0 | ||
| 007 | t| | ||
| 008 | 050512s1974 sp ||||1| spa d | ||
| 100 | 1 |
_aLowe, Gordon R. _974374 |
|
| 245 | 1 | 3 |
_aEl desarrollo de la personalidad _b: de la infancia a la senectud / _cGordon R. Lowe; [traductor: Antonio Escohotado Espinosa]. |
| 260 |
_aMadrid : _bAlianza, _c1974. |
||
| 300 |
_a304 p. ; _c18 cm. |
||
| 490 | 1 | _aEl libro de bolsillo. Sección humanidades | |
| 700 | 1 |
_aEscohotado, Antonio, _d1941-2021 _947583 |
|
| 830 | 0 | 3 |
_aEl libro de bolsillo. _pHumanidades _9178672 |
| 852 |
_aES-MaACL _jE-6166 _bR.90344 |
||
| 999 |
_c94715 _d94715 |
||